| 000 | 00589nam a2200217 a 4500 | ||
|---|---|---|---|
| 001 | 61827 | ||
| 003 | BD-RjUL | ||
| 005 | 20211209081015.0 | ||
| 008 | 170121b1987 ii ||||| |||| 001 0 eng d | ||
| 035 | _a(BD-RjUL)61951 | ||
| 040 |
_aBD-RjUL _beng _cBD-RjUL |
||
| 041 | _aeng | ||
| 082 |
_223 _a658.15 _bPAF 1987 |
||
| 100 |
_aPandey, I. M. _9174779 |
||
| 245 | 1 | 0 |
_aFinancial management / _cI. M. Pandey |
| 260 |
_aNew Delhi : _bVikas Publishing, _c1982. |
||
| 300 |
_axii, 643 p. : _bill. ; _c25 cm. |
||
| 500 | _aIncludes index | ||
| 650 |
_aFinance. _9173578 |
||
| 942 |
_2ddc _cBK |
||
| 999 |
_c61827 _d61827 |
||